000
00326nam a2200145Ia 4500
008
230312s9999||||xx |||||||||||||| ||und||
020
_a
1-906672-90-4
082
_a
779
_b
SMI-F
100
_a
Smith;Jody
245
0
_a
Faces In Places
260
_b
Work ae
_a
uk
_c
2010
300
_a
175
650
_a
Architecture
942
_c
BK
999
_c
12092
_d
12092